00382nam a22001337a 4500003000400000020001800004082001900022100002200041245007600063250000600139260004100145300001000186650005200196OSt a9788178295407 a808.02bWAL/YO aWalliam, Nicholas aYour research projecta step-by-step guide for the first time researcher a2 aNewdelhibVistaar publicationsc2005 a450p. aGuide to developing successful research project